| 000 | 01546nam0a2200313 4500 | ||
|---|---|---|---|
| 001 | RU\NLR\bibl\1194191 | ||
| 005 | 20260407175715.0 | ||
| 021 |
_aRU _b2007-94404 _95096 |
||
| 035 | _a(NLR Aleph) 001180721 | ||
| 090 |
_a1655625 _c1655625 |
||
| 100 | _a20080228d2006 |||y0rusy50 ca | ||
| 101 | 0 | _arus | |
| 102 | _aRU | ||
| 105 | _ay ||||||||| | ||
| 200 | 1 |
_aСоциология _e(западная социология) _eматериалы по курсу _fМоск. гос. ун-т культуры и искусств, Каф. социологии и политологии _g[науч. ред.: Е. М. Акимова, к. ист. н., доц.] |
|
| 210 |
_aМосква _cМосковский государственный университет культуры и искусств _d2006 |
||
| 215 |
_a149 с. _d21 |
||
| 320 | _aБиблиогр. в тексте | ||
| 606 | 1 |
_aСоциология _jХрестоматии для высших учебных заведений _yЗарубежные страны _92512390 _3RU\NLR\auth\661489278 |
|
| 686 | _aС51(0)я73-3 | ||
| 702 | 1 |
_aАкимова _bЕ. М. _4340 |
|
| 712 | 0 | 2 |
_4570 _aМосковский государственный университет культуры и искусств _bКафедра социологии и политологии _3RU\NLR\AUTH\8810113756 _9726985 |
| 801 | 0 |
_aRU _bNLR _c20080228 _gRCR |
|
| 801 | 1 |
_aRU _bNLR _c20080228 |
|
| 830 | _aред. не раскрыть | ||
| 942 | _cBOOK | ||
| 980 | _aNB | ||